BIBLIOTECA PODER JUDICIAL
Portal Judicial TDF

Breves reflexiones sobre el principio de legalidad de la administración, las potestades administrativas y las restricciones de derechos / (Registro nro. 6159)

000 -LEADER
fixed length control field 01217nabaa22002297a 4500
003 - CONTROL NUMBER IDENTIFIER
control field OSt
005 - DATE AND TIME OF LATEST TRANSACTION
control field 20260123201627.0
008 - FIXED-LENGTH DATA ELEMENTS--GENERAL INFORMATION
fixed length control field 190701b xxu||||| |||| 00| 0 spa d
040 ## - CATALOGING SOURCE
Transcribing agency PJ
100 ## - MAIN ENTRY--PERSONAL NAME
9 (RLIN) 34
Personal name Perrino, Pablo Esteban
245 10 - TITLE STATEMENT
Title Breves reflexiones sobre el principio de legalidad de la administración, las potestades administrativas y las restricciones de derechos /
Statement of responsibility, etc Pablo E. Perrino.
300 ## - PHYSICAL DESCRIPTION
Extent p. 174-185
500 ## - GENERAL NOTE
General note Cita: TR LALEY AR/DOC/3193/2023
505 ## - FORMATTED CONTENTS NOTE
Formatted contents note Sumario: I. Principio de legalidad y Estado de derecho.— II. Fundamento constitucional.— III. Relación entre la legalidad y la administración.— IV. Principio de legalidad y potestades administrativas implícitas.— V. Principio de legalidad y restricciones de derechos.
505 ## - FORMATTED CONTENTS NOTE
Title ¿Te interesa el texto completo? Comunicate al correo: koha@justierradelfuego.gov.ar
650 #0 - SUBJECT ADDED ENTRY--TOPICAL TERM
9 (RLIN) 211
Topical term or geographic name as entry element DERECHO ADMINISTRATIVO
650 #0 - SUBJECT ADDED ENTRY--TOPICAL TERM
9 (RLIN) 615
Topical term or geographic name as entry element DERECHOS Y GARANTIAS CONSTITUCIONALES
650 #0 - SUBJECT ADDED ENTRY--TOPICAL TERM
9 (RLIN) 2977
Topical term or geographic name as entry element CONTROL DE LEGITIMIDAD
650 #0 - SUBJECT ADDED ENTRY--TOPICAL TERM
9 (RLIN) 6796
Topical term or geographic name as entry element GRATUIDAD DEL PROCEDIMIENTO
773 0# - HOST ITEM ENTRY
Host Biblionumber 2842
Host Itemnumber 3251
Place, publisher, and date of publication Buenos Aires : AbeledoPerrot, 2012-
Other item identifier DA121
Title Derecho administrativo. Nº 151 enero/febrero 2024
International Standard Book Number 18510590
942 ## - ADDED ENTRY ELEMENTS (KOHA)
Source of classification or shelving scheme
Koha item type Analítica Artículo de Revista

No hay ítems disponibles.

12 de Octubre 789 Ushuaia - Tel:  54(02901)441571
Horario de Atención: 8.00 a 17.00 hs. 
bibliotecaush@justierradelfuego.gov.ar
koha@justierradelfuego.gov.ar
Seguinos en nuestras redes @bibliojustdf 

Con tecnología Koha